Soupis starých tisků ve fondech Státní vědecké knihovny v Olomouci

Bibliographic Details
Main Author: Pumprla, Václav, 1937- (Author)
Format: Book
Language:Undetermined
PhysicalDescription:S. 1243 - 1487
Published: Olomouc Státní vědecká knihovna 1976
Edition:1. vyd.

MARC

LEADER 00000nam a2200000 a 4500
001 vtls001464614
003 SK-MaSNL
005 20260301014301.0
008 240314s1976 xx 0 und
035 |a SNK000419919 
040 |a SNK  |b slo  |c SNK  |e AACR2 
100 1 |a Pumprla, Václav,  |d 1937-  |4 aut  |9 91227 
245 1 0 |a Soupis starých tisků ve fondech Státní vědecké knihovny v Olomouci 
250 |a 1. vyd. 
260 |a Olomouc  |b Státní vědecká knihovna  |c 1976 
300 |a S. 1243 - 1487 
958 |a OND 
999 |c 558290  |d 560220 
952 |a SNK  |b SNK  |y NEVYP  |7 0  |p 17A0406036  |o snkIB 32003/1/6 D1  |i snkKIP 2224/77  |8 0  |0 0  |1 1  |4 0  |d 2003-12-03  |l 0  |r 2005-01-02 00:00:00  |w 2026-02-23